Datum a čas kvízu
24
Celkem bodů
Celkový počet nahraných bodů na tomto kvízu bez doplňovacích otázek.
7.
Pořadí na kvízu
Konečné umístění týmu na tomto kvízu.
Zaznamenané odpovědi
| # | Otázka | Odpověď | Body | Výsledky |
|---|---|---|---|---|
| 1. | Tento týden samozřejmě nesmí c... | Dagmar Hájková | 1 | |
| 2. | Minulý týden se na internetu o... | vysokozdvižný vozík (ještěrku) | 0 | |
| 3. | Při oslavě osmistého výročí ji... | v Hradci Králové | 1 | |
| 4. | Finská firma Bluefors uzavřela... | na Měsíci | 0 | |
| 5. | V neděli začalo mistrovství sv... | ve Rwandě | 0 | |
| 6. | Ve spolupráci s Radou Evropy j... | 1D 2A 3B 4C | 0 | |
| 7. | Co znamená maďarské slovo hétf... | pondělí | 0 | |
| 8. | Jak se jmenuje autonomní oblas... | Vojvodina | 1 | |
| 9. | Která z těchto knih nebyla nap... | B | 1 | |
| 10. | Pozoruhodným jazykem je velšti... | slunéčko (beruška) | 0 |